<?xml version="1.0" encoding="UTF-8"?>
<record
    xmlns:xsi="http://www.w3.org/2001/XMLSchema-instance"
    xsi:schemaLocation="http://www.loc.gov/MARC21/slim http://www.loc.gov/standards/marcxml/schema/MARC21slim.xsd"
    xmlns="http://www.loc.gov/MARC21/slim">

  <leader>03170nam a2200349 a 4500</leader>
  <controlfield tag="001">00002062</controlfield>
  <controlfield tag="003">WSP</controlfield>
  <controlfield tag="005">20260416153416.0</controlfield>
  <controlfield tag="006">m        d        </controlfield>
  <controlfield tag="007">cr cuu|||uu|||</controlfield>
  <controlfield tag="008">091123s1993    si ac   sb    001 0 eng d</controlfield>
  <datafield tag="020" ind1=" " ind2=" ">
    <subfield code="a">9789812812117</subfield>
    <subfield code="q">(ebook)</subfield>
  </datafield>
  <datafield tag="020" ind1=" " ind2=" ">
    <subfield code="z">9810214383</subfield>
  </datafield>
  <datafield tag="040" ind1=" " ind2=" ">
    <subfield code="a">WSPC</subfield>
    <subfield code="b">eng</subfield>
    <subfield code="c">WSPC</subfield>
  </datafield>
  <datafield tag="082" ind1="0" ind2="4">
    <subfield code="a">541.2242</subfield>
    <subfield code="2">22</subfield>
  </datafield>
  <datafield tag="245" ind1="1" ind2="0">
    <subfield code="a">Facets of coordination chemistry /</subfield>
    <subfield code="c">edited by B.V. Agarwala, K.N. Munshi.</subfield>
  </datafield>
  <datafield tag="260" ind1=" " ind2=" ">
    <subfield code="a">Singapore ;</subfield>
    <subfield code="a">River Edge, N.J. :</subfield>
    <subfield code="b">World Scientific Pub. Co.,</subfield>
    <subfield code="c">c1993.</subfield>
  </datafield>
  <datafield tag="300" ind1=" " ind2=" ">
    <subfield code="a">1 online resource (xiv, 253 p.) :</subfield>
    <subfield code="b">ill., port. </subfield>
  </datafield>
  <datafield tag="500" ind1=" " ind2=" ">
    <subfield code="a">Articles by the students and colleagues of Arun K. Dey in honor of his 70th birthday.</subfield>
  </datafield>
  <datafield tag="504" ind1=" " ind2=" ">
    <subfield code="a">Includes bibliographical references and index.</subfield>
  </datafield>
  <datafield tag="505" ind1="0" ind2=" ">
    <subfield code="a">1. Introduction: coordination chemistry and its multifacets / B.V. Agarwala and K.N. Munshi -- 2. Coordination chemistry of environment / D.F. Marim -- 3. Retrospective studies on metal complexes as synthetic dioxygen carriers of biological interest / F. Basolo -- 4. Heterometal alkoxides: a novel series of stable polymetallic coordination compounds / R.C. Mehrotra -- 5. Solvent effects on the reactions of coordination complexes / A.C. Dash, R.K. Nanda and S. Aditya -- 6. A simple model for fitting properties of binary mixtures / E. H&#xF6;gfeldt -- 7. Donor-acceptor interactions and structural flexibility of coordination-compounds in solution / W. Linert -- 8. NMR spectroscopy of oriented systems: application to weak molecular complexes / C.L. Khetrapal -- 9. Cyclic voltammetry / R.C. Kapoor -- 10. Chelating polymers / C.-Y. Liu and K.L. Cheng -- 11. Optical resolution of metal complexes by column-chromatography / M. Fujita and Y. Yoshikawa -- 12. Correlation between the composition and structure of transition metal complexes and their R[symbol] values obtained by planar chromatography / G. Vuckovic, Z.L. Tesic and M.B. Celap -- 13. Some designs of polyethers for use in membranes of ion-selective electrodes / J.D.R. Thomas -- 14. Copper proteins and their various roles in biological systems / P.K. Bhattacharya -- 15. Urinary stones, diet and folk medicine / A.K. Banerjee, M.H.A. Akhbari Shad and S.K. Roy.</subfield>
  </datafield>
  <datafield tag="520" ind1=" " ind2=" ">
    <subfield code="a">A concise account of coordination chemistry since its inception is given here together with some of the newer significant facets. This book covers a broad spectrum of various topics on Environment, Cyclic Voltammetry, Chromatography, Metal Complexes of biological interest, Alkoxides, NMR spectroscopy and others. These are useful to the scientific community engaged in the field of Inorganic Chemistry and Analytical Chemistry.</subfield>
  </datafield>
  <datafield tag="533" ind1=" " ind2=" ">
    <subfield code="a">Electronic reproduction.</subfield>
    <subfield code="b">Singapore :</subfield>
    <subfield code="c">World Scientific Publishing Co.,</subfield>
    <subfield code="d">1993.</subfield>
    <subfield code="n">System requirements: Adobe Acrobat Reader.</subfield>
    <subfield code="n">Mode of access: World Wide Web.</subfield>
  </datafield>
  <datafield tag="650" ind1=" " ind2="0">
    <subfield code="a">Coordination compounds.</subfield>
  </datafield>
  <datafield tag="655" ind1=" " ind2="0">
    <subfield code="a">Electronic books.</subfield>
  </datafield>
  <datafield tag="700" ind1="1" ind2=" ">
    <subfield code="a">Agarwala, B. V.</subfield>
    <subfield code="q">(Badri Vishal)</subfield>
  </datafield>
  <datafield tag="700" ind1="1" ind2=" ">
    <subfield code="a">Munshi, K. N.</subfield>
    <subfield code="q">(Kailash Nath)</subfield>
  </datafield>
  <datafield tag="700" ind1="1" ind2=" ">
    <subfield code="a">Dey, Arun K.,</subfield>
    <subfield code="d">1922-</subfield>
  </datafield>
  <datafield tag="710" ind1="2" ind2=" ">
    <subfield code="a">World Scientific (Firm)</subfield>
  </datafield>
  <datafield tag="856" ind1="4" ind2="0">
    <subfield code="u">https://www.worldscientific.com/worldscibooks/10.1142/2062#t=toc</subfield>
  </datafield>
  <datafield tag="942" ind1=" " ind2=" ">
    <subfield code="c">E-BOOK</subfield>
  </datafield>
  <datafield tag="999" ind1=" " ind2=" ">
    <subfield code="c">49784</subfield>
    <subfield code="d">49784</subfield>
  </datafield>
  <datafield tag="952" ind1=" " ind2=" ">
    <subfield code="0">0</subfield>
    <subfield code="1">0</subfield>
    <subfield code="2">ddc</subfield>
    <subfield code="4">0</subfield>
    <subfield code="7">0</subfield>
    <subfield code="a">CUTN</subfield>
    <subfield code="b">CUTN</subfield>
    <subfield code="d">2026-04-16</subfield>
    <subfield code="l">0</subfield>
    <subfield code="o">541.2242</subfield>
    <subfield code="p">EB04957</subfield>
    <subfield code="r">2026-04-16 15:45:00</subfield>
    <subfield code="u">https://doi.org/10.1142/2062</subfield>
    <subfield code="w">2026-04-16</subfield>
    <subfield code="y">E-BOOK</subfield>
  </datafield>
</record>
